| 000 | 00868nam a2200253Ia 4500 | ||
|---|---|---|---|
| 003 | OSt | ||
| 005 | 20221005111022.0 | ||
| 006 | a|||||r|||| 00| 0 | ||
| 007 | ta | ||
| 008 | 221004b |||||||| |||| 00| 0 hin d | ||
| 020 |
_a9788171193912 (hbk) _c150 |
||
| 024 | _a107716 | ||
| 037 |
_b1467, 17/03/2011, Kiran Book Service _cTextual |
||
| 040 |
_aCRL _cCRL _bhin |
||
| 041 |
_2hin _ahin |
||
| 082 | _aO152,3N363,N, Q0 | ||
| 100 | _aदूधनाथ सिंह | ||
| 245 | 0 | _aनमो अन्धकारं | |
| 246 | _aNamo andhakāran | ||
| 260 |
_aनई दिल्ली _bराधाकृष्ण भारत _c115प |
||
| 650 | _aहिन्दी साहित्य | ||
| 942 |
_hO152,3N363,N, Q0 _cTEXL _2cc |
||
| 999 |
_c1020566 _d1020566 |
||